Spanish Clubs by Major Domestic Honours - Statistics

General Stats
  • This quiz has been taken 24 times
  • The average score is 7 of 9
Answer Stats
La Liga Copa del Rey Supercopa de España Answer % Correct
29 32 16 Barcelona | 🏆77
100%
36 20 13 Real Madrid | 🏆69
100%
8 24 3 Athletic Bilbao | 🏆35
94%
11 10 2 Atlético Madrid | 🏆23
83%
1 5 1 Sevilla | 🏆7
83%
6 8 1 Valencia | 🏆15
78%
1 2 3 Deportivo La Coruña | 🏆6
67%
2 3 1 Real Sociedad | 🏆6
67%
6 1 Zaragoza | 🏆7
50%
No matching quizzes found
Score Distribution
Percent of People with Each Score
Percentile by Number Answered
Your Score History
You have not taken this quiz